[Event "TUR-ch U13/18 Girls"]
[Site "Antalya"]
[Date "2023.01.24"]
[Round "4"]
[White "Oflaz, Fatma Zehra"]
[Black "Bodur, Ilke Lal"]
[Result "1-0"]
[WhiteElo "1454"]
[BlackElo "1277"]
[PlyCount "125"]
[EventDate "2023.01.17"]
[EventType "swiss"]
[EventRounds "9"]
[EventCountry "TUR"]
[SourceTitle "EXT 2024"]
[Source "ChessBase"]
[SourceDate "2023.10.10"]
[SourceVersion "1"]
[SourceVersionDate "2023.10.10"]
[SourceQuality "1"]

1. e4 c5 2. Nf3 d6 3. d4 cxd4 4. Nxd4 Nf6 5. Nc3 a6 6. Be3 Nbd7 7. Be2 e6 8. Nb3 b5 9. a3 Bb7 10. f3 Be7 11. Qd4 Nc5 12. Nxc5 dxc5 13. Qxd8+ Rxd8 14. 0-0 0-0 15. Rfd1 Bc6 16. Bf1 Nd7 17. a4 b4 18. Ne2 a5 19. Ng3 Bf6 20. Rd6 Rc8 21. Ra2 Be7 22. Rd1 Rfd8 23. f4 Nb6 24. Rxd8+ Rxd8 25. b3 Rd1 26. Kf2 Rd8 27. Ra1 Bh4 28. Bd3 Nd7 29. Kf3 f5 30. Bb5 Bxb5 31. axb5 Bxg3 32. hxg3 Ra8 33. e5 Kf7 34. Rd1 Ke8 35. Rd6 Ke7 36. Ra6 Rxa6 37. bxa6 Kd8 38. a7 Nb6 39. Bxc5 Na8 40. g4 g6 41. gxf5 exf5 42. g4 Kd7 43. gxf5 gxf5 44. Kg3 Ke6 45. Kh4 Kd5 46. Bf2 h6 47. Kh5 Ke6 48. Kxh6 Kf7 49. Kg5 Ke6 50. Bg1 Ke7 51. Kxf5 Kf7 52. e6+ Ke7 53. Bc5+ Ke8 54. Ke5 Nc7 55. f5 Na8 56. f6 a4 57. f7+ Kd8 58. f8Q+ Kc7 59. Qb8+ Kc6 60. Qxa8+ Kxc5 61. Qc8+ Kb6 62. a8Q axb3 63. Qcc6# 1-0

[Event "TUR-ch (Women)"]
[Site "Ayvalik"]
[Date "2022.03.09"]
[Round "6"]
[White "Engel, Ecrin Tuana"]
[Black "Bodur, Ilke Lal"]
[Result "1/2-1/2"]
[WhiteElo "1255"]
[BlackElo "1182"]
[PlyCount "71"]
[EventDate "2022.03.05"]
[EventType "swiss"]
[EventRounds "9"]
[EventCountry "TUR"]
[SourceTitle "EXT 2023"]
[Source "ChessBase"]
[SourceDate "2022.10.05"]
[SourceVersion "1"]
[SourceVersionDate "2022.10.05"]
[SourceQuality "1"]

1. e4 e5 2. Nf3 Nc6 3. d4 exd4 4. Nxd4 d6 5. Nc3 Nf6 6. Bc4 Be7 7. Nb3 0-0 8. 0-0 a6 9. a4 Be6 10. Nd2 Bxc4 11. Nxc4 Nxe4 12. Nxe4 d5 13. Ncd2 dxe4 14. Nxe4 Qxd1 15. Rxd1 Rad8 16. Bf4 f5 17. Ng3 Bd6 18. Bxd6 Rxd6 19. Rxd6 cxd6 20. Rd1 Rf6 21. c3 g6 22. Nf1 Re6 23. Ne3 f4 24. Nc4 d5 25. Nd2 Kf7 26. Kf1 Ke7 27. Nf3 Rd6 28. Ke2 Re6+ 29. Kd3 Ne5+ 30. Nxe5 Rxe5 31. Rd2 Kd6 32. Re2 Rxe2 33. Kxe2 a5 34. Kd3 Kc5 35. g3 f3 36. b3 1/2-1/2